Обращение волнового фронта с использованием амплитудного транспаранта; Известия Томского политехнического университета [Известия ТПУ]; Т. 322, № 2 : Математика и механика. Физика
| Parent link: | Известия Томского политехнического университета [Известия ТПУ]/ Томский политехнический университет (ТПУ).— , 2000- Т. 322, № 2 : Математика и механика. Физика.— 2013.— [С. 85-87] |
|---|---|
| מחבר ראשי: | |
| מחברים אחרים: | |
| סיכום: | Заглавие с титульного листа Электронная версия печатной публикации Рассмотрено обращение волнового фронта с использованием амплитудного транспаранта (модулятора). В результате численных исследований показано, что, несмотря на значительное поглощение модулятором энергии, достигается практически полная компенсация турбулентных искажений. |
| שפה: | רוסית |
| יצא לאור: |
2013
|
| סדרה: | Математика и механика. Физика |
| נושאים: | |
| גישה מקוונת: | http://earchive.tpu.ru/bitstream/11683/4673/1/bulletin_tpu-2013-322-2-20.pdf |
| פורמט: | MixedMaterials אלקטרוני Book Chapter |
| KOHA link: | https://koha.lib.tpu.ru/cgi-bin/koha/opac-detail.pl?biblionumber=235785 |
MARC
| LEADER | 00000nla2a2200000 4500 | ||
|---|---|---|---|
| 001 | 235785 | ||
| 005 | 20231215134118.0 | ||
| 035 | |a (RuTPU)RU\TPU\book\256925 | ||
| 035 | |a RU\TPU\book\256923 | ||
| 090 | |a 235785 | ||
| 100 | |a 20130416d2013 k y0rusy50 ca | ||
| 101 | 0 | |a rus | |
| 102 | |a RU | ||
| 135 | |a drnn ---uucaa | ||
| 181 | 0 | |a i | |
| 182 | 0 | |a b | |
| 200 | 1 | |a Обращение волнового фронта с использованием амплитудного транспаранта |f Н. А. Макенова, Р. Ф. Джураев | |
| 203 | |a Текст |c электронный | ||
| 215 | |a 1 файл (243 Кб) | ||
| 225 | 1 | |a Математика и механика. Физика | |
| 300 | |a Заглавие с титульного листа | ||
| 300 | |a Электронная версия печатной публикации | ||
| 320 | |a [Библиогр.: с. 87 (8 назв.)] | ||
| 330 | |a Рассмотрено обращение волнового фронта с использованием амплитудного транспаранта (модулятора). В результате численных исследований показано, что, несмотря на значительное поглощение модулятором энергии, достигается практически полная компенсация турбулентных искажений. | ||
| 337 | |a Adobe Reader | ||
| 461 | 1 | |0 (RuTPU)RU\TPU\book\176237 |t Известия Томского политехнического университета [Известия ТПУ] |f Томский политехнический университет (ТПУ) |d 2000- | |
| 463 | 1 | |0 (RuTPU)RU\TPU\book\256813 |x 1684-8519 |t Т. 322, № 2 : Математика и механика. Физика |v [С. 85-87] |d 2013 |p 206 с. | |
| 610 | 1 | |a обращение волнового фронта | |
| 610 | 1 | |a ОВФ | |
| 610 | 1 | |a алгоритмы | |
| 610 | 1 | |a адаптивные системы | |
| 610 | 1 | |a амплитудные модуляторы | |
| 610 | 1 | |a турбулентные искажения | |
| 610 | 1 | |a труды учёных ТПУ | |
| 610 | 1 | |a электронный ресурс | |
| 700 | 1 | |a Макенова |b Н. А. |c физик |c доцент Томского политехнического университета, кандидат физико-математических наук |f 1974- |g Наиля Алтынхановна |3 (RuTPU)RU\TPU\pers\25677 |9 11588 | |
| 701 | 1 | |a Джураев |b Р. Ф. |g Рустам Факритдинович | |
| 801 | 1 | |a RU |b 63413507 |c 20090623 |g PSBO | |
| 801 | 2 | |a RU |b 63413507 |c 20220126 |g PSBO | |
| 856 | 4 | |u http://earchive.tpu.ru/bitstream/11683/4673/1/bulletin_tpu-2013-322-2-20.pdf | |
| 942 | |c CF | ||